Normal view MARC view
  • Educación preescolar

Entry Materia

Number of records used in: 3

001 - NÚMERO DE CONTROL DEL REGISTRO

  • campo de control: 25269

003 - IDENTIFICADOR DE NUMERO DE CONTROL

  • campo de control: UPN

005 - FECHA Y HORA DE LA ÚLTIMA TRANSACCIÓN

  • campo de control: 20230518202843.0

008 - DATOS DE LONGITUD FIJA

  • campo de control de longitud fija: 230518nn fnannbabn n ana |d

035 ## - NÚMERO DE CONTROL DEL SISTEMA

  • Número de control del sistema: UPN10000025278

040 ## - FUENTE DE LA CATALOGACIÓN

  • Lengua de catalogación: spa
  • Centro catalogador de origen: MX-MxUPN

046 ## - FECHAS CON CODIFICACIÓN ESPECIAL

  • Fecha final para contenidos agregados: 2023

150 ## - ENCABEZAMIENTO - TEMÁTICO

  • Término de materia o nombre geográfico como elemento inicial: Educación preescolar
  • Subdivisión de materia general: Aspectos psicológicos

670 ## - FUENTE EN LA QUE SE LOCALIZARON DATOS

  • Cita de la fuente: LC Subject Headings, 18 mayo 2023:
  • Información localizada: E-47 (Education, Preschool)

670 ## - FUENTE EN LA QUE SE LOCALIZARON DATOS

  • Cita de la fuente: LC Subject Headings, 18 mayo 2023:
  • Información localizada: SD-66 (Subdivisión flotante: Psychological aspects)

902 ## - CATALOGADOR

  • Catalogador: EMR/071216
  • Catalogador: VíctorGodínez/180523